| 000 | 00971nam a2200253 a 4500 | ||
|---|---|---|---|
| 001 | BRCA_9010 | ||
| 005 | 20190320210506.0 | ||
| 008 | 190717s1777----sp-a######---#000-0#spa-# | ||
| 041 | _aspa | ||
| 044 | _asp | ||
| 084 |
_aBE86 _b.C55 1777 |
||
| 100 | 1 |
_aCliquet, José Faustino _d1673-1760 _922354 |
|
| 245 | 1 | 0 |
_aLa Flor del Moral _besto es, lo más florido y selecto que se halla en el jardín ameno, y dilatado campo de la Theología Moral _csu autor Joseph Faustino Cliquet ; con las adiciones y correcciones de Francisco Belza. |
| 250 | _a7a ed. | ||
| 260 |
_aMadrid _bPor Don Antoni de Sancha _c1777 |
||
| 300 |
_a[8], 424 p. (t.3) _c22 x 15.8 cm |
||
| 500 | _aCon privilegio | ||
| 500 | _aEdición con cantos decorados | ||
| 500 | _aEstado físico: presenta encuadernación en pergamino con lomo semi desprendido | ||
| 650 | 1 | 4 |
_aTeología moral _yObras anteriores a 1800 _921355 |
| 700 | 1 |
_aBelza, Francisco _cFray _921356 |
|
| 902 | _aCFM | ||
| 942 |
_2lcc _cB |
||
| 999 |
_c8661 _d8661 |
||